| 000 | 00489 a2200169 4500 | ||
|---|---|---|---|
| 003 | OSt | ||
| 005 | 20230706160854.0 | ||
| 008 | 221101b ||||| |||| 00| 0 eng d | ||
| 020 | _a9789355010681 | ||
| 040 | _coclc | ||
| 082 |
_a621.381 _bSED/T |
||
| 100 |
_94702 _aSedha, R S |
||
| 245 |
_aA Textbook of applied electronics / _cDr. R S Sedha |
||
| 260 |
_aNew Delhi: _bS chand, _c2022. |
||
| 300 | _a1177 pages | ||
| 942 |
_2ddc _cBK _h621.381 _iSED/T _k621.381 _mSED/T |
||
| 999 |
_c41638 _d41638 |
||